| 000 | 01138nam a2200229Ia 4500 | ||
|---|---|---|---|
| 999 |
_c39811 _d39811 |
||
| 001 | 6416 | ||
| 003 | GE_BSU | ||
| 005 | 20191114115441.0 | ||
| 008 | 181216s||||||||xx |||||||||||||| ||und|| | ||
| 040 | _cGE_BSU | ||
| 041 | _ageo | ||
| 080 | _a341.232 გ-23 | ||
| 100 |
_aგასერი, ჰანს-პეტერ _95330 |
||
| 245 |
_aსაერთაშორისო ჰუმანიტარული სამართალი : _bშესავალი / _c მთარგმნ.: ალექსი ასათაშვილი და სხვ. ; რედ.: დავით პატარაია, ეკა ტყეშელაშვილი. |
||
| 264 |
_aთბილისი, _c1999. |
||
| 300 |
_a195 გვ. ; _b19 სმ. |
||
| 653 | _aსამართალი | ||
| 700 |
_aასათაშვილი, ალექსი და სხვ. _eმთარგმნელი _95331 |
||
| 700 |
_aპატარაია, დავით _eრედაქტორი _95332 |
||
| 700 |
_aტყეშელაშვილი, ეკა _eრედაქტორი _95333 |
||
| 942 |
_cBK _2udc |
||